000 00326nam a2200109 4500
999 _c11135
_d11135
008 181012b ||||| |||| 00| 0 eng d
245 _aDozens of flights cancelled as Bali volcano continues to spew smoke.
260 _aPhilippines
_bManila Bulletin
_cc2017
300 _apage 6.
650 0 _932170
_aVolcano.
942 _2ddc
_cPER